Hofstra Alumni - Statistics

General Stats
  • This quiz has been taken 7 times
  • The average score is 6 of 12
Answer Stats
Hint Answer % Correct
Director, "The Godfather" "Apocalypse Now" "The Conversation" Francis Ford Coppola
86%
Mastermind of the largest known Ponzi scheme in history Bernie Madoff
57%
Real estate developer who was convicted of tax evasion and later received a pardon by his son's father-in-law Donald Trump Charles Kushner
57%
Actor, "Pulp Fiction" "The Deer Hunter" "Catch Me If You Can" "Dune: Part Two" Christopher Walken
57%
Governor of New York from 2008 to 2010, first legally blind person to become a governor of a U.S. state and the first African-American governor of New York David Paterson
57%
Actor best known for his role as Sonny Corleone in "The Godfather" James Caan
57%
Head coach of the Atlanta Falcons since 2024 Raheem Morris
57%
CEO of Marvel Studios Avi Arad
29%
Actor, "Terminator 2" "Blues Brothers" "Scandal" Joe Morton
29%
Head coach of the Tampa Bay Lightning since 2013 Jon Cooper
29%
Senator from Minnesota from 2003 to 2009 Norm Coleman
29%
Creator of "Everbody Loves Raymond" Philip Rosenthal
29%
No matching quizzes found
Score Distribution
Percent of People with Each Score
Percentile by Number Answered
Your Score History
You have not taken this quiz